00444nam a2200097Ia 4500008004100000020001800041100002900059245021600088260002800304300001400332171205s9999 xx 000 0 und d a9781680954685 aMratinkovic, Aleksandar. cAleksandar Mratinkovic, Dan Piestun, Hazen Shwky Fouda, Felecia Killings, Sandra El Hajj, Fozia Parveen, Igor Krunic, Jovan Peheevski, Tanjina Nur, Stephen Obtained, MichelleaPurchasing & Supply Chain Mnagement b3G E-learning LLCc2017 a236 pages